| 000 | 00821cam a2200253 a 4500 | ||
|---|---|---|---|
| 001 | 2052457 | ||
| 003 | ARRUPE | ||
| 005 | 20150911085619.0 | ||
| 008 | 930929r19941993nyu b 001 0 eng | ||
| 010 | _a 93039069 | ||
| 020 |
_a0385472404 : _c$14.95 ($19.95 Can.) |
||
| 040 |
_aDLC _cDLC _dDLC |
||
| 050 | 1 | 0 |
_aB2430.F724 _bM554 1994 |
| 082 | 0 | 0 |
_a194 _220 |
| 100 | 1 |
_aMiller, James _d1947- _919418 |
|
| 245 | 1 | 4 |
_aThe passion of Michel Foucault / _cJames Miller. |
| 260 |
_aLondon : _bFlamingo, _c[1994] |
||
| 300 |
_a491 p. ; _c20 cm. |
||
| 504 | _a. | ||
| 600 | 1 | 0 |
_aFoucault, Michel, _d1926-1984. _919419 |
| 906 |
_a7 _bcbc _corignew _d1 _eocip _f19 _gy-gencatlg |
||
| 942 |
_2lcc _cMONOGRAPH |
||
| 999 |
_c123269 _d123269 |
||